Score 0/27 Timer 03:00
0 Plays Today
Hint 4-Letter Word % Correct
❃ Baby's bunk ❃CRIB
93.1%
❃ Breakfast, lunch, or dinner ❃MEAL
92.6%
Animal flesh as foodMEAT
91.4%
Far south or north on globePOLE
91.4%
Genuine, authenticREAL
91.3%
Agent 007BOND
91%
Musical pulseBEAT
90.4%
Public opinion surveyPOLL
89.4%
Curve in a roadBEND
88.7%
Fishing rod companionREEL
88.1%
Have delivered by mailSEND
86.8%
Brought to life by birthBORN
86%
❃ Formal gala ❃BALL
85.3%
Double piece in an oboeREED
83.9%
Hint 4-Letter Word % Correct
Funeral clothPALL
82.5%
The capital of West GermanyBONN
81.1%
❃ Three bright stars of Orion ❃BELT
81%
❃ Place in tourney bracket ❃SEED
81%
Clanging metal objectBELL
80.8%
'Blue' gang memberCRIP
79.9%
Plant harvested for foodCROP
79.5%
Pine tree fruitCONE
74%
❃ Type of unleavened bread ❃PONE
69.6%
Move nearerCOME
67.2%
Confine to small spaceCOOP
58.8%
❃❃ COMMON BOND ❃❃CORN
58.5%
Given at no chargeCOMP
57.8%

Today's Daily Dose

You're not logged in!

Compare scores with friends on all Sporcle quizzes.
OR
Log In

Sporcle TV

Today on Sporcle TV


Watch our educational content, quiz creation guides, and fun videos on Sporcle TV.

Show Comments

Extras

Top Quizzes Today


Score Distribution

Your Account Isn't Verified!

In order to create a playlist on Sporcle, you need to verify the email address you used during registration. Go to your Sporcle Settings to finish the process.

Report this User

Report this user for behavior that violates our Community Guidelines.

Details: